Engineering Dynamics and Life Sciences : proceedings of the 14th international conference DSTA 2017, December 11-14, 2017, Łódź, Poland

Salvato in:
Dettagli Bibliografici
Ente Autore: Dynamical Systems - Theory and Applications Poľsko, Lodž (DSTA 2017)
Natura: Atti del Convegno Libro
Lingua:inglese
Pubblicazione: Lodž : ARSA, 2017
Edizione:1. vyd.
Tags: Aggiungi Tag
Nessun Tag, puoi essere il primo ad aggiungerne!!

MARC

LEADER 00000nam a22000003a 4500
001 0029343
003 SK-STU
005 20180222094733.4
007 ta
008 171221s ----xo-----e------100-0-----d
020 |a 978-83-935312-4-0 
040 |a STU  |b slo 
041 0 |a eng 
044 |a pl 
111 2 |a Dynamical Systems - Theory and Applications  |n 14th  |d 11.-14.12.2017 :  |c Poľsko, Lodž.  |e DSTA 2017 
245 1 0 |a Engineering Dynamics and Life Sciences :  |b proceedings of the 14th international conference DSTA 2017, December 11-14, 2017, Łódź, Poland 
250 |a 1. vyd. 
260 |a Lodž :  |b ARSA,  |c 2017 
300 |a 634 s. 
996 |b 284M087511  |c M* Z-4398  |l MMKN  |s A  |a 24  |w 0029343_0001